000 01371cam a2200385 a 4500
001 4159
003 FISKH
005 20240624110253.0
008 080710s2009 nyua b 000 1 eng
010 _a 2008027472
020 _a9780061703706 (pbk. bdg.)
020 _a9780061703713 (trade bdg.)
040 _aDLC
_cDLC
_dDLC
_beng
050 0 0 _aPZ7.O222
082 _2813.54
100 1 _aO'Connor, Jane.
245 1 0 _aPajama Day /
_cby Jane O'Connor ; cover illustration by Robin Preiss Glasser ; interior pencils by Ted Enik ; color by Carolyn Bracken.
260 _aNew York :
_bHarperCollins,
_c2009.
300 _a32 pages ;
_bcolor illustrations ;
_c23 cm
490 0 _aFancy Nancy
490 0 _aI can read! Beginning reading 1
505 _aJ
520 _aNancy, who likes to use fancy words, is excited to wear her elegant nightgown for Pajama Day at school, until best friend Bree and schoolmate Clara impress everyone by wearing matching pink polka-dot pajamas.
521 _a480
_bLexile
521 _aJ
_bRaz-Plus
650 1 _aPajamas
_vFiction.
650 1 _aFriendship
_vFiction.
650 1 _aSchools
_vFiction.
650 1 _aVocabulary
_vFiction.
700 1 _aPreiss-Glasser, Robin.
700 1 _aDrainville, Beth,
_eill.
906 _a7
_bcbc
_corignew
_d1
_eecip
_f20
_gy-gencatlg
942 _2ddc
_cBK
_n0
999 _c4159
_d4159